[Event "CYCC U10"]
[Site "Calgary CAN"]
[Date "2023.07.21"]
[Round "5.189"]
[White "Vigneshwaran, Vidyuth"]
[Black "Liao, Max"]
[Result "1-0"]
[WhiteElo "1072"]
[BlackElo "742"]
[PlyCount "65"]
[EventDate "2023.07.19"]
[EventType "swiss"]
[EventRounds "7"]
[EventCountry "CAN"]

1. e4 c6 2. d4 d5 3. exd5 cxd5 4. Bf4 Nc6 5. Nc3 e6 6. Nb5 e5 7. dxe5 a6 8. Nc3
Be6 9. Nf3 f6 10. Be2 fxe5 11. Bxe5 Nxe5 12. Nxe5 Qd6 13. f4 g5 14. Bxa6 bxa6
15. Qh5+ Kd8 16. Qxg5+ Kc7 17. O-O Be7 18. Qg7 Nf6 19. Qh6 Ng4 20. Nxg4 Bxg4
21. Qxd6+ Bxd6 22. Nxd5+ Kc6 23. c4 Be2 24. Rfc1 Bxc4 25. Rxc4+ Kxd5 26. Rc2
Ke6 27. Rd1 Rhe8 28. Rc6 Rad8 29. f5+ Ke7 30. f6+ Ke6 31. Rxa6 Ke5 32. Kf1 Bc7
33. Re1+ 1-0

[Event "CYCC U10"]
[Site "Calgary CAN"]
[Date "2023.07.21"]
[Round "5.190"]
[White "Bhaumik, Rishi"]
[Black "Delgashev, Victor"]
[Result "0-1"]
[WhiteElo "995"]
[BlackElo "673"]
[PlyCount "140"]
[EventDate "2023.07.19"]
[EventType "swiss"]
[EventRounds "7"]
[EventCountry "CAN"]

1. e4 e6 2. d4 d5 3. e5 c5 4. c3 Qb6 5. Nf3 Bd7 6. Bd3 Bb5 7. O-O Bxd3 8. Qxd3
Ne7 9. Qc2 Ng6 10. Nbd2 Be7 11. Nb3 c4 12. Nbd2 O-O 13. Ne1 Nc6 14. f4 f5 15.
b3 cxb3 16. axb3 Rac8 17. Ndf3 Nh4 18. Nd2 Nxd4 19. cxd4 Qxd4+ 20. Kh1 Rxc2 21.
Nxc2 Qd3 22. Ne1 Qe2 23. g3 Bb4 24. gxh4 Bxd2 25. Rg1 Bxe1 26. Ba3 Qf3+ 27. Rg2
Rc8 28. Rxe1 Rc2 29. Reg1 Rxg2 30. Rxg2 Qf1+ 31. Rg1 Qxf4 32. h5 Qf3+ 33. Rg2
Qxh5 34. Rg1 Qf3+ 35. Rg2 Qxb3 36. Bd6 Qb1+ 37. Rg1 Qe4+ 38. Rg2 d4 39. h4
Qxh4+ 40. Kg1 a5 41. Kf1 b5 42. Rd2 b4 43. Ke2 b3 44. Kd3 Kf7 45. Kc4 a4 46.
Kb5 d3 47. Bb4 g5 48. Kxa4 g4 49. Kxb3 g3 50. Bc5 Qf4 51. Kc3 Qxe5+ 52. Bd4 Qe1
53. Kxd3 h5 54. Re2 Qf1 55. Kd2 h4 56. Re1 Qf4+ 57. Be3 Qb4+ 58. Ke2 h3 59. Rg1
h2 60. Rh1 Qe4 61. Kf1 Qxh1+ 62. Ke2 Qe4 63. Kf1 h1=Q+ 64. Bg1 Qe1+ 65. Kxe1
Qxg1+ 66. Ke2 Qf2+ 67. Kd3 g2 68. Kc4 g1=Q 69. Kd3 Qd4+ 70. Kc2 Qgd1# 0-1

[Event "CYCC U10"]
[Site "Calgary CAN"]
[Date "2023.07.21"]
[Round "5.191"]
[White "He, Hugh"]
[Black "Tsukerman, Leon"]
[Result "1-0"]
[WhiteElo "957"]
[BlackElo "661"]
[PlyCount "87"]
[EventDate "2023.07.19"]
[EventType "swiss"]
[EventRounds "7"]
[EventCountry "CAN"]

1. e4 c5 2. Nf3 Nc6 3. d4 cxd4 4. Nxd4 g6 5. Nc3 Bg7 6. Be3 e6 7. Be2 Nge7 8.
O-O O-O 9. Qd2 Re8 10. Rad1 a6 11. a3 d5 12. exd5 exd5 13. Nb3 Bxc3 14. Qxc3
Nf5 15. Bg4 Nxe3 16. fxe3 Bxg4 17. Rd2 Qg5 18. Re1 Rad8 19. Kh1 d4 20. Nxd4 Qd5
21. Nb3 Qe4 22. Nc5 Qe7 23. Rf2 Qh4 24. Rf4 Rd5 25. Ref1 Rh5 26. h3 Bxh3 27.
Rxh4 Rxh4 28. gxh3 Rxh3+ 29. Kg2 Rexe3 30. Qf6 Rhg3+ 31. Kf2 Ne5 32. Qd8+ Kg7
33. Re1 Ref3+ 34. Ke2 Rg2+ 35. Kd1 Rff2 36. Rxe5 Rxc2 37. Ne6+ fxe6 38. Qe7+
Kg8 39. Qxe6+ Kg7 40. Rd5 Rxb2 41. Rd7+ Kh6 42. Qe3+ g5 43. Rd6+ Kh5 44. Qh3#
1-0

[Event "CYCC U10"]
[Site "Calgary CAN"]
[Date "2023.07.21"]
[Round "5.192"]
[White "Latour, Alex"]
[Black "Singh, Aarav"]
[Result "0-1"]
[WhiteElo "897"]
[BlackElo "602"]
[PlyCount "28"]
[EventDate "2023.07.19"]
[EventType "swiss"]
[EventRounds "7"]
[EventCountry "CAN"]

1. e4 e5 2. d4 exd4 3. Qxd4 Nc6 4. Qc4 Bb4+ 5. c3 Bd6 6. Be2 Nf6 7. e5 Nxe5 8.
Qh4 Qe7 9. Bg5 Ng6 10. Bxf6 gxf6 11. Qh3 Nf4 12. Qg3 Nxe2 13. Qh3 Nf4+ 14. Qe3
Nxg2+ 0-1

[Event "CYCC U10"]
[Site "Calgary CAN"]
[Date "2023.07.21"]
[Round "5.195"]
[White "Zhong, Brian"]
[Black "Levesque, Remi"]
[Result "0-1"]
[WhiteElo "750"]
[BlackElo "914"]
[PlyCount "44"]
[EventDate "2023.07.19"]
[EventType "swiss"]
[EventRounds "7"]
[EventCountry "CAN"]

1. e4 e5 2. Nf3 Nc6 3. Nc3 a5 4. Bc4 h5 5. d3 g6 6. Bg5 Be7 7. Bxe7 Ncxe7 8.
Nxe5 d6 9. Bxf7+ Kf8 10. Nxg6+ Kxf7 11. Nxh8+ Kg7 12. Qxh5 Bg4 13. Qxg4+ Kxh8
14. O-O Nh6 15. Qg5 Neg8 16. Qg6 Qh4 17. Nd5 Rf8 18. h3 c6 19. Nb6 Rf6 20. Qe8
Qg5 21. Nd7 Rg6 22. Nf8 Qxg2# 0-1

[Event "CYCC U10"]
[Site "Calgary CAN"]
[Date "2023.07.21"]
[Round "5.196"]
[White "Kwok, Jayden"]
[Black "Jin, Eric"]
[Result "1-0"]
[WhiteElo "757"]
[BlackElo "663"]
[PlyCount "33"]
[EventDate "2023.07.19"]
[EventType "swiss"]
[EventRounds "7"]
[EventCountry "CAN"]

1. e4 c5 2. Nf3 d6 3. Bb5+ Nc6 4. d4 cxd4 5. Nxd4 Bd7 6. Nxc6 Qa5+ 7. Nxa5 Bxb5
8. Nxb7 Nf6 9. Nc3 Bc6 10. Na5 Bxe4 11. Nxe4 Nxe4 12. Qd5 Rb8 13. Qxe4 Rb5 14.
Qc6+ Kd8 15. Qxb5 Kc7 16. Qc6+ Kd8 17. Nb7# 1-0

[Event "CYCC U10"]
[Site "Calgary CAN"]
[Date "2023.07.21"]
[Round "6.162"]
[White "Zhang, Kai Zhongkai"]
[Black "Zhu, Elber"]
[Result "0-1"]
[WhiteElo "1341"]
[BlackElo "1815"]
[PlyCount "154"]
[EventDate "2023.07.19"]
[EventType "swiss"]
[EventRounds "7"]
[EventCountry "CAN"]

1. e4 c5 2. Nf3 d6 3. d4 cxd4 4. Nxd4 Nf6 5. Nc3 g6 6. Be3 a6 7. Bc4 Bg7 8. O-O
Nbd7 9. a4 Ne5 10. Be2 h5 11. h3 Qc7 12. f4 Nc4 13. Bxc4 Qxc4 14. Qd3 Qxd3 15.
cxd3 O-O 16. a5 Bd7 17. e5 dxe5 18. fxe5 Nh7 19. Nd5 Bxe5 20. Nxe7+ Kg7 21. Nd5
Rad8 22. Nf3 Bxb2 23. Rab1 Bb5 24. Bc5 Bxd3 25. Bxf8+ Nxf8 26. Rxb2 Bxf1 27.
Nc3 Rc8 28. Kxf1 Rxc3 29. Rxb7 Rc5 30. h4 Ne6 31. Nd2 Rxa5 32. Nc4 Rf5+ 33. Ke1
Nf4 34. g3 Nd5 35. Nd6 Re5+ 36. Kf2 Re7 37. Rb8 Nf6 38. Ra8 Re6 39. Nc4 Ng4+
40. Kf3 Kf6 41. Kf4 Nf2 42. Ne3 Nd3+ 43. Kf3 Nc5 44. Nd5+ Ke5 45. Nc7 Rc6 46.
Ne8 Nb7 47. Ra7 Rb6 48. Nc7 a5 49. Ra8 Rb4 50. Rb8 Rb3+ 51. Ke2 Nc5 52. Rxb3
Nxb3 53. Kd3 Nd4 54. Na8 Nf5 55. Nb6 Nxg3 56. Nc4+ Kf4 57. Nxa5 Kg4 58. Nc4
Kxh4 59. Ne5 f6 60. Nxg6+ Kg4 61. Ke3 h4 62. Kf2 h3 63. Kg1 Nf5 64. Nf8 Nd4 65.
Nd7 f5 66. Ne5+ Kg3 67. Nd3 f4 68. Nf2 Ne6 69. Nh1+ Kf3 70. Kf1 h2 71. Nf2 Ng5
72. Ke1 Nh3 73. Nh1 Kg2 74. Ke2 f3+ 75. Ke1 Kxh1 76. Kf1 f2 77. Ke2 Kg2 0-1

[Event "CYCC U10"]
[Site "Calgary CAN"]
[Date "2023.07.21"]
[Round "6.163"]
[White "Zhu, Edison"]
[Black "Yao, Lucas"]
[Result "1-0"]
[WhiteElo "1501"]
[BlackElo "1419"]
[PlyCount "133"]
[EventDate "2023.07.19"]
[EventType "swiss"]
[EventRounds "7"]
[EventCountry "CAN"]

1. d4 d5 2. Nf3 Nf6 3. e3 e6 4. Bd3 Bd6 5. b3 O-O 6. Bb2 Nc6 7. Nbd2 Re8 8. Ne5
Bd7 9. O-O h6 10. f4 Nb4 11. Be2 c5 12. a3 Na6 13. c4 Qb6 14. Bd3 Rad8 15. Rf3
Bc6 16. Rh3 Ne4 17. Bxe4 dxe4 18. Qg4 Bxe5 19. fxe5 Kh7 20. Nxe4 Bxe4 21. Qxe4+
Kg8 22. Qd3 cxd4 23. exd4 Nc5 24. dxc5 Qxc5+ 25. Qe3 Qc6 26. Rf1 Rd7 27. Qf3
Qc5+ 28. Qf2 Qc6 29. Rf3 Qc7 30. Qxa7 Red8 31. Bc3 Qc6 32. Ba5 Rc8 33. Qf2 Qe4
34. Rxf7 Rxf7 35. Qxf7+ Kh7 36. Qxe6 Qe3+ 37. Kh1 Rf8 38. Rg1 Qxb3 39. Bb4 Rf4
40. Re1 Qe3 41. h3 Qd3 42. Qd5 Rd4 43. Qf3 Qxc4 44. e6 Rf4 45. Qxf4 Qxf4 46. e7
b5 47. e8=Q Qc7 48. Qe7 Qg3 49. Bd6 Qf2 50. Re2 Qf1+ 51. Kh2 Qf5 52. Be5 Qg6
53. Qxg7+ Qxg7 54. Bxg7 Kxg7 55. Re5 Kf6 56. Rxb5 Ke6 57. a4 Kd6 58. a5 Kc6 59.
Rb1 h5 60. a6 h4 61. a7 Kc5 62. a8=Q Kd4 63. Rd1+ Kc3 64. Qc6+ Kb2 65. Rd5 Kb3
66. Rb5+ Ka4 67. Qa6# 1-0

[Event "CYCC U10"]
[Site "Calgary CAN"]
[Date "2023.07.21"]
[Round "6.164"]
[White "Liu, Zipei"]
[Black "Xu, Ryan"]
[Result "0-1"]
[WhiteElo "1364"]
[BlackElo "1909"]
[PlyCount "84"]
[EventDate "2023.07.19"]
[EventType "swiss"]
[EventRounds "7"]
[EventCountry "CAN"]

1. d4 d5 2. c4 c6 3. Nf3 Nf6 4. Nc3 e6 5. Bg5 dxc4 6. e4 b5 7. e5 h6 8. Bh4 g5
9. Bg3 Nd5 10. Ne4 Bb4+ 11. Nfd2 Na6 12. a3 Be7 13. Be2 Bb7 14. O-O Qb6 15. Nf3
O-O-O 16. a4 Rhg8 17. axb5 cxb5 18. b3 c3 19. Rc1 b4 20. Bc4 h5 21. Bxd5 Bxd5
22. Nf6 Bxf6 23. exf6 h4 24. Be5 Nb8 25. Re1 Nc6 26. Re3 Qb7 27. Ne1 Nxe5 28.
Rxe5 Rg6 29. Nd3 Bxg2 30. Rc5+ Kb8 31. Ne5 Rxf6 32. Qd3 Ka8 33. Ra1 Be4 34. Qc4
Bd5 35. Qd3 Rb8 36. Rca5 Rf4 37. Qc2 Qc7 38. Qa2 Rb7 39. Qa4 Rxd4 40. Ra6 c2
41. Nc6 Rd1+ 42. Rxd1 cxd1=Q# 0-1

[Event "CYCC U10"]
[Site "Calgary CAN"]
[Date "2023.07.21"]
[Round "6.165"]
[White "Chua, Zachary"]
[Black "Yu, Zongyan"]
[Result "0-1"]
[WhiteElo "1355"]
[BlackElo "1493"]
[PlyCount "104"]
[EventDate "2023.07.19"]
[EventType "swiss"]
[EventRounds "7"]
[EventCountry "CAN"]

1. e4 c6 2. d4 d5 3. e5 c5 4. dxc5 Nc6 5. Nf3 Bg4 6. c3 Bxf3 7. Qxf3 Nxe5 8.
Bb5+ Nc6 9. c4 e6 10. O-O Nf6 11. Nc3 Be7 12. Bg5 O-O 13. Rad1 a6 14. Bxc6 bxc6
15. b4 Qb8 16. cxd5 exd5 17. a3 h6 18. Bf4 Qb7 19. Na4 a5 20. Nb6 Ra6 21. Rb1
axb4 22. axb4 Bd8 23. b5 cxb5 24. Be3 Bxb6 25. cxb6 Nd7 26. Rxb5 Nf6 27. h3 Qc6
28. Rfb1 g5 29. b7 Rb8 30. Rb6 Qc2 31. Qg3 Nd7 32. Qd6 Qxb1+ 33. Rxb1 Rxd6 34.
Ba7 d4 35. Bxb8 Nxb8 36. Rc1 Rc6 37. Rxc6 Nxc6 38. Kf1 Kf8 39. Ke2 Ke7 40. Kd3
Kd6 41. b8=Q+ Nxb8 42. Kxd4 f6 43. Ke3 Ke5 44. Kf3 Nc6 45. Kg3 Nd4 46. h4 Ne6
47. hxg5 hxg5 48. Kf3 Kd4 49. Kg3 Ke4 50. Kh3 Kd3 51. Kg3 Ke2 52. f3 Nf4 0-1

[Event "CYCC U10"]
[Site "Calgary CAN"]
[Date "2023.07.21"]
[Round "6.166"]
[White "Villamar, Flyn"]
[Black "Bi, William"]
[Result "1/2-1/2"]
[WhiteElo "984"]
[BlackElo "1470"]
[PlyCount "37"]
[EventDate "2023.07.19"]
[EventType "swiss"]
[EventRounds "7"]
[EventCountry "CAN"]

1. e4 e5 2. Nf3 Nc6 3. Bc4 Bc5 4. c3 Nf6 5. d3 h6 6. Nbd2 O-O 7. O-O d5 8. exd5
Nxd5 9. Ne4 Bb6 10. Bxd5 Qxd5 11. Bxh6 f5 12. Nfg5 gxh6 13. Qh5 hxg5 14. Qg6+
Kh8 15. Qh6+ Kg8 16. Qg6+ Kh8 17. Qh6+ Kg8 18. Qg6+ Kh8 19. Qh6+ 1/2-1/2

[Event "CYCC U10"]
[Site "Calgary CAN"]
[Date "2023.07.21"]
[Round "6.167"]
[White "Dunikov, David"]
[Black "Kola, Venkata Saket Reddy"]
[Result "1-0"]
[WhiteElo "1454"]
[BlackElo "973"]
[PlyCount "93"]
[EventDate "2023.07.19"]
[EventType "swiss"]
[EventRounds "7"]
[EventCountry "CAN"]

1. Nf3 d5 2. c4 Nf6 3. b3 c5 4. cxd5 Nxd5 5. Bb2 Bf5 6. g3 Nb4 7. d3 Qa5 8. Bc3
Qb6 9. Bg2 N8c6 10. O-O O-O-O 11. Nbd2 Nd5 12. Nc4 Qc7 13. Be5 Nxe5 14. Ncxe5
e6 15. e4 Bxe4 16. dxe4 Ne3 17. Qe2 Nxf1 18. Rxf1 Bd6 19. Nc4 f6 20. Rc1 Kb8
21. Qe3 Be7 22. Ncd2 g5 23. b4 Qd7 24. Nc4 Qd3 25. Qxd3 Rxd3 26. bxc5 Bxc5 27.
Nb2 Ba3 28. Nxd3 Bxc1 29. Nxc1 Rd8 30. Nb3 Rd1+ 31. Bf1 g4 32. Nfd4 e5 33. Nf5
Kc7 34. Kg2 Kc6 35. Bc4 b5 36. Bd5+ Kb6 37. Ne3 Rd3 38. Nxg4 f5 39. Nxe5 Rd1
40. Nf3 Rb1 41. exf5 Rb2 42. f6 Rxa2 43. f7 a5 44. f8=Q a4 45. Qc5+ Ka6 46.
Qc6+ Ka7 47. Qb7# 1-0

[Event "CYCC U10"]
[Site "Calgary CAN"]
[Date "2023.07.21"]
[Round "6.169"]
[White "Vu, Huy Minh"]
[Black "Yavorskyi, Yevhen"]
[Result "1/2-1/2"]
[WhiteElo "1273"]
[BlackElo "1329"]
[PlyCount "129"]
[EventDate "2023.07.19"]
[EventType "swiss"]
[EventRounds "7"]
[EventCountry "CAN"]

1. e4 c5 2. Nf3 d6 3. d4 cxd4 4. Nxd4 Nf6 5. Nc3 g6 6. Be3 Bg7 7. Qd2 Ng4 8.
Nb3 Nxe3 9. Qxe3 O-O 10. Bc4 Nc6 11. O-O-O a5 12. Bb5 Ne5 13. h3 Bd7 14. Bxd7
Qxd7 15. Qe2 a4 16. Nd4 Nc6 17. Ndb5 a3 18. b3 Rfc8 19. Nd5 Qd8 20. Kb1 e6 21.
Ne3 Qf6 22. c3 Na7 23. Ng4 Qe7 24. Nxa3 d5 25. Nc2 Bxc3 26. exd5 Kg7 27. dxe6
fxe6 28. Qe3 Nb5 29. Rd3 Bf6 30. Rd7 Qxd7 31. Qh6+ Kh8 32. Nxf6 Qg7 33. Qxg7+
Kxg7 34. Ne4 Nc3+ 35. Nxc3 Rxc3 36. Rd1 Rc7 37. Nd4 Kf7 38. Nb5 Re7 39. f4 Kg7
40. Nd4 e5 41. fxe5 Rxe5 42. Rd2 Kh6 43. Kb2 Rd5 44. g4 Rad8 45. Kc3 Rc8+ 46.
Kb4 b5 47. Ka5 Rcd8 48. Kb4 Rxd4+ 49. Rxd4 Rxd4+ 50. Kxb5 Rd3 51. h4 Rh3 52.
g5+ Kh5 53. b4 Rxh4 54. a4 Kxg5 55. a5 Rf4 56. a6 Rf5+ 57. Kb6 Rf6+ 58. Ka5
Rxa6+ 59. Kxa6 h5 60. b5 h4 61. b6 h3 62. b7 h2 63. b8=Q h1=Q 64. Qe5+ Kg4 65.
Qe6+ 1/2-1/2

[Event "CYCC U10"]
[Site "Calgary CAN"]
[Date "2023.07.21"]
[Round "6.170"]
[White "Ramesan, Raunak Amit"]
[Black "Deng, Jeffrey"]
[Result "1-0"]
[WhiteElo "1287"]
[BlackElo "837"]
[PlyCount "61"]
[EventDate "2023.07.19"]
[EventType "swiss"]
[EventRounds "7"]
[EventCountry "CAN"]

1. e4 e6 2. d4 d5 3. e5 c5 4. c3 Nc6 5. Nf3 Qb6 6. a3 c4 7. Nbd2 Na5 8. Rb1 Bd7
9. Be2 Ne7 10. O-O Nf5 11. Re1 Be7 12. Nf1 O-O 13. Ne3 Nxe3 14. Bxe3 Nb3 15.
Nd2 Na5 16. Qc2 Rab8 17. Bd1 Qc7 18. Qc1 b5 19. Bc2 Nc6 20. b3 a5 21. b4 a4 22.
Nf3 Qd8 23. Ng5 h6 24. Nh7 Re8 25. Bxh6 g6 26. Ng5 Bxg5 27. Bxg5 Qc7 28. Bf6
Qd8 29. Qh6 Qxf6 30. exf6 Re7 31. Qg7# 1-0

[Event "CYCC U10"]
[Site "Calgary CAN"]
[Date "2023.07.21"]
[Round "6.171"]
[White "Pan, Julian"]
[Black "Wang, Lucas"]
[Result "1-0"]
[WhiteElo "990"]
[BlackElo "1472"]
[PlyCount "127"]
[EventDate "2023.07.19"]
[EventType "swiss"]
[EventRounds "7"]
[EventCountry "CAN"]

1. e4 c5 2. Nf3 Nc6 3. Nc3 d6 4. Bc4 Nf6 5. d3 Bd7 6. h3 g6 7. Bg5 Bg7 8. b3
Nh5 9. Bd2 e6 10. g4 Nf6 11. Nb5 Qe7 12. Nc7+ Kf8 13. Nxa8 d5 14. Bb5 dxe4 15.
dxe4 Nxe4 16. Rb1 Bc3 17. O-O Kg7 18. Re1 Nxd2 19. Nxd2 Rxa8 20. Re3 Bd4 21.
Rg3 a6 22. Bf1 Nb4 23. c3 Bxc3 24. Rxc3 Nxa2 25. Re3 Bc6 26. Qc2 Nb4 27. Qb2+
Kg8 28. Bg2 Bb5 29. Nc4 Rd8 30. Bf3 Qh4 31. Rd1 Rf8 32. Bxb7 h5 33. Qe2 hxg4
34. Qxg4 Qe7 35. Be4 Kg7 36. Ne5 Qf6 37. Nd7 Bxd7 38. Rxd7 Rh8 39. Rg3 Rh6 40.
Rf3 Rh4 41. Rxf6 Rxg4+ 42. hxg4 Kxf6 43. Rc7 Ke5 44. f3 Kd4 45. Rxf7 c4 46.
bxc4 Kxc4 47. Bxg6 a5 48. Ra7 Kb5 49. Be8+ Kb6 50. Re7 Nd5 51. Rxe6+ Kc5 52.
Re5 Kc4 53. Bf7 a4 54. Bxd5+ Kb4 55. Kf1 a3 56. Ke1 Kc3 57. Re3+ Kb2 58. g5 a2
59. Bxa2 Kxa2 60. g6 Kb2 61. Kd2 Ka1 62. Kc2 Ka2 63. Rd3 Ka1 64. Ra3# 1-0

[Event "CYCC U10"]
[Site "Calgary CAN"]
[Date "2023.07.21"]
[Round "6.172"]
[White "Anish, Diganth"]
[Black "Wu, Yihang"]
[Result "1-0"]
[WhiteElo "1333"]
[BlackElo "989"]
[PlyCount "123"]
[EventDate "2023.07.19"]
[EventType "swiss"]
[EventRounds "7"]
[EventCountry "CAN"]

1. e4 c5 2. Nf3 d6 3. d4 cxd4 4. Nxd4 Nf6 5. Nc3 g6 6. Be3 Bg7 7. f3 Bd7 8. Qd2
h6 9. Bc4 Nc6 10. O-O-O Ne5 11. Bb3 a6 12. h3 b5 13. f4 Nc6 14. Nxc6 Bxc6 15.
Bd5 Nxd5 16. Nxd5 Bxd5 17. Qxd5 Rc8 18. Bd4 Qc7 19. c3 Bxd4 20. Qxd4 Rf8 21. g4
Qc4 22. Qxc4 Rxc4 23. Rd4 Rxd4 24. cxd4 Kd7 25. Kd2 Rc8 26. Kd3 a5 27. Re1 e6
28. f5 gxf5 29. exf5 exf5 30. gxf5 Re8 31. Rg1 Ke7 32. Re1+ Kf8 33. Rc1 Ke7 34.
Rc6 Kf6 35. Rxd6+ Kxf5 36. Rxh6 Kg5 37. Rb6 Kf4 38. Rxb5 f5 39. Rxa5 Re3+ 40.
Kc4 Rf3 41. b4 Kg3 42. b5 f4 43. b6 Rf1 44. b7 Rb1 45. Rb5 Rxb5 46. Kxb5 f3 47.
b8=Q+ Kf2 48. Qf4 Ke2 49. Qxf3+ Kxf3 50. d5 Ke4 51. d6 Ke5 52. d7 Ke6 53. d8=Q
Ke5 54. Qg8 Kf6 55. h4 Kf5 56. h5 Kf6 57. h6 Kf5 58. h7 Kf6 59. h8=R Kf5 60.
Qf7+ Kg5 61. Rg8+ Kh4 62. Qh7# 1-0

[Event "CYCC U10"]
[Site "Calgary CAN"]
[Date "2023.07.21"]
[Round "6.173"]
[White "Dembla, Shabd"]
[Black "Gong, Edric"]
[Result "1-0"]
[WhiteElo "1274"]
[BlackElo "961"]
[PlyCount "59"]
[EventDate "2023.07.19"]
[EventType "swiss"]
[EventRounds "7"]
[EventCountry "CAN"]

1. d4 Nf6 2. c4 e6 3. Nf3 Bb4+ 4. Bd2 Bxd2+ 5. Nbxd2 Nc6 6. e4 d6 7. Bd3 b6 8.
Qa4 Rb8 9. d5 b5 10. cxb5 Ne7 11. dxe6 Bxe6 12. b6+ Bd7 13. bxc7 Qxc7 14. Qd4
O-O 15. O-O Rfc8 16. Nb3 Nc6 17. Qc3 Rb6 18. Rac1 Qb7 19. Bb1 Nb4 20. Qe3 Rxc1
21. Rxc1 Nc6 22. e5 dxe5 23. Nxe5 Nxe5 24. Qxe5 Rc6 25. Rxc6 Bxc6 26. Na5 Qd7
27. Qe1 Ba8 28. h3 Qd5 29. f3 Qg5 30. Qc3 1-0

[Event "CYCC U10"]
[Site "Calgary CAN"]
[Date "2023.07.21"]
[Round "6.174"]
[White "Dave, Jashank"]
[Black "Zhang, Eric"]
[Result "1-0"]
[WhiteElo "1265"]
[BlackElo "468"]
[PlyCount "59"]
[EventDate "2023.07.19"]
[EventType "swiss"]
[EventRounds "7"]
[EventCountry "CAN"]

1. e4 e5 2. Nf3 Nc6 3. Bb5 Bc5 4. O-O Nge7 5. c3 d5 6. exd5 Qxd5 7. d4 exd4 8.
cxd4 Bb6 9. Nc3 Qd6 10. d5 O-O 11. dxc6 Rd8 12. Qxd6 Rxd6 13. cxb7 Bxb7 14. Bf4
Rf6 15. Bg5 Rg6 16. Bd3 Re6 17. Bxe7 Rxe7 18. Rfe1 Rd7 19. Be4 Bxe4 20. Rxe4
Rad8 21. Rae1 Kf8 22. Ne5 Rd2 23. R4e2 R2d6 24. Nb5 Rd1 25. g3 Rxe1+ 26. Rxe1
Rd2 27. Kg2 Rxf2+ 28. Kh3 Ba5 29. Nd7+ Kg8 30. Re8# 1-0

[Event "CYCC U10"]
[Site "Calgary CAN"]
[Date "2023.07.21"]
[Round "6.176"]
[White "Sheng, Jack"]
[Black "Yang, Larry"]
[Result "1-0"]
[WhiteElo "890"]
[BlackElo "1170"]
[PlyCount "91"]
[EventDate "2023.07.19"]
[EventType "swiss"]
[EventRounds "7"]
[EventCountry "CAN"]

1. d4 Nf6 2. Nf3 e6 3. c4 Bb4+ 4. Nc3 Bxc3+ 5. bxc3 Nc6 6. Bg5 h6 7. Bxf6 Qxf6
8. e4 b6 9. Bd3 O-O 10. e5 Qe7 11. O-O Ba6 12. Re1 Na5 13. d5 Bxc4 14. d6 cxd6
15. exd6 Qxd6 16. Bh7+ Kxh7 17. Qxd6 Bd5 18. Qg3 Nc4 19. Ne5 Nxe5 20. Qxe5 f6
21. Qe3 Rac8 22. Rac1 Rc4 23. h3 f5 24. Qe5 Rf6 25. Red1 Rc5 26. c4 Bc6 27. Qb8
Rg6 28. Qxa7 Bxg2 29. Qxb6 Re5 30. Kh2 f4 31. Rg1 f3 32. Qb5 Rxb5 33. cxb5 Rg5
34. Rb1 Rh5 35. Rxg2 fxg2 36. Kxg2 Rc5 37. b6 Rc8 38. b7 Rb8 39. a4 d5 40. a5
d4 41. Kf3 e5 42. a6 d3 43. Ke3 e4 44. a7 Rf8 45. a8=Q Rf3+ 46. Kxe4 1-0

[Event "CYCC U10"]
[Site "Calgary CAN"]
[Date "2023.07.21"]
[Round "6.177"]
[White "Vallabhajosyula, Srikarthikeya"]
[Black "Mutyalapati, Modith Aaroh"]
[Result "0-1"]
[WhiteElo "837"]
[BlackElo "1581"]
[PlyCount "56"]
[EventDate "2023.07.19"]
[EventType "swiss"]
[EventRounds "7"]
[EventCountry "CAN"]

1. e4 e5 2. Nf3 Nc6 3. Bc4 Nf6 4. Nc3 Nxe4 5. Nxe4 d5 6. Bxd5 Qxd5 7. Nc3 Qd8
8. O-O Bg4 9. h3 Bh5 10. d3 Nd4 11. g4 Bg6 12. Nxe5 Bd6 13. Nxg6 hxg6 14. Re1+
Ne6 15. d4 Rxh3 16. d5 Qh4 17. Kf1 Rh1+ 18. Ke2 Qxg4+ 19. Kd2 Bf4+ 20. Kd3 Qf5+
21. Ne4 Nc5+ 22. Kd4 Ne6+ 23. Kc4 b5+ 24. Kd3 Qxd5+ 25. Ke2 Qxe4+ 26. Be3 Bxe3
27. Rxh1 Nf4+ 28. Ke1 Qxh1# 0-1

[Event "CYCC U10"]
[Site "Calgary CAN"]
[Date "2023.07.21"]
[Round "6.178"]
[White "Zhang, Jasper"]
[Black "Li, Ryan"]
[Result "1-0"]
[WhiteElo "1051"]
[BlackElo "1443"]
[PlyCount "57"]
[EventDate "2023.07.19"]
[EventType "swiss"]
[EventRounds "7"]
[EventCountry "CAN"]

1. d4 Nf6 2. Nf3 c5 3. e3 e6 4. b3 Nc6 5. Bb2 d5 6. Nbd2 Be7 7. a3 O-O 8. Bd3
cxd4 9. exd4 Bd6 10. O-O Re8 11. Ne5 Nd7 12. Bxh7+ Kf8 13. Qh5 Bxe5 14. dxe5 d4
15. a4 Qa5 16. Nc4 Qd5 17. Nd6 Ncxe5 18. Ba3 Nc5 19. Bxc5 Re7 20. Be4 Nf3+ 21.
Bxf3 Qxh5 22. Bxh5 Kg8 23. Nxc8 Rc7 24. Ne7+ Kh7 25. Ba3 Rxc2 26. Rfd1 e5 27.
Bxf7 Rd8 28. Bg6+ Kh6 29. Bxc2 1-0

[Event "CYCC U10"]
[Site "Calgary CAN"]
[Date "2023.07.21"]
[Round "6.179"]
[White "Yin, Aiden"]
[Black "Surendran, Siddharth"]
[Result "1-0"]
[WhiteElo "1300"]
[BlackElo "961"]
[PlyCount "58"]
[EventDate "2023.07.19"]
[EventType "swiss"]
[EventRounds "7"]
[EventCountry "CAN"]

1. e4 c5 2. Nc3 e6 3. f4 Nc6 4. Nf3 d5 5. Bb5 Nge7 6. exd5 exd5 7. Qe2 Be6 8.
Bxc6+ bxc6 9. O-O Bg4 10. Re1 Qd6 11. d3 h6 12. Bd2 O-O-O 13. Na4 g5 14. Rab1
Nf5 15. Qf2 Bxf3 16. Qxf3 Nd4 17. Qg4+ f5 18. Qg3 Nxc2 19. Rec1 Nd4 20. Qf2
gxf4 21. b4 Ne6 22. bxc5 Qc7 23. Re1 Qd7 24. Bxf4 Nc7 25. Nb6+ axb6 26. cxb6
Nb5 27. Rxb5 cxb5 28. Rc1+ Kb7 29. Rc7+ Qxc7 1-0

[Event "CYCC U10"]
[Site "Calgary CAN"]
[Date "2023.07.21"]
[Round "6.181"]
[White "Maslov, Yan"]
[Black "Fung, Ryan"]
[Result "1/2-1/2"]
[WhiteElo "799"]
[BlackElo "1096"]
[PlyCount "81"]
[EventDate "2023.07.19"]
[EventType "swiss"]
[EventRounds "7"]
[EventCountry "CAN"]

1. e4 e5 2. Nf3 Nc6 3. Nc3 Nf6 4. Bb5 Bd6 5. O-O O-O 6. d3 a6 7. Bxc6 dxc6 8.
Bg5 h6 9. Bh4 Bg4 10. h3 Bh5 11. g4 Bg6 12. d4 Re8 13. dxe5 Bxe5 14. Nxe5 Qxd1
15. Raxd1 Rxe5 16. Bxf6 gxf6 17. Rfe1 Rae8 18. Rd7 Bxe4 19. Nxe4 Rxe4 20. Rxe4
Rxe4 21. Rxc7 Re2 22. Rxb7 Rxc2 23. Rb6 a5 24. Kg2 Kg7 25. Kf3 Kg6 26. Ke3 Kg7
27. f4 Rh2 28. Rxc6 Rxb2 29. Kd3 Rxa2 30. Ra6 Ra3+ 31. Kd4 Rxh3 32. Ke4 Rg3 33.
Kf5 Rg2 34. Rxa5 Rg3 35. Ra6 Rg2 36. Rxf6 Rxg4 37. Rxf7+ Kxf7 38. Kxg4 Kg6 39.
f5+ Kf6 40. Kh5 Kxf5 41. Kxh6 1/2-1/2

[Event "CYCC U10"]
[Site "Calgary CAN"]
[Date "2023.07.21"]
[Round "6.182"]
[White "Radic, Marko"]
[Black "Law, Jesse"]
[Result "1-0"]
[WhiteElo "766"]
[BlackElo "978"]
[PlyCount "75"]
[EventDate "2023.07.19"]
[EventType "swiss"]
[EventRounds "7"]
[EventCountry "CAN"]

1. e4 e5 2. f4 d6 3. Nf3 Nc6 4. Bb5 Bd7 5. O-O Nf6 6. Nc3 Be7 7. d3 O-O 8. fxe5
dxe5 9. Qe1 a6 10. Bxc6 Bxc6 11. Qg3 Bd6 12. Bh6 Ne8 13. Nh4 Bd7 14. Nd5 Be7
15. Nxe7+ Qxe7 16. Nf5 Bxf5 17. exf5 f6 18. Rae1 Qc5+ 19. Kh1 Rf7 20. Rf2 Qb4
21. Rfe2 Nd6 22. c3 Qb5 23. d4 Nxf5 24. Qg4 Nxh6 25. Qe6 Re8 26. Qh3 Ref8 27.
Qe6 Kh8 28. dxe5 fxe5 29. h3 Nf5 30. Rxe5 Qc6 31. Qxf7 Rg8 32. Qxf5 h6 33. Qe4
Qb6 34. Re8 Qxb2 35. Rxg8+ Kxg8 36. Qe8+ Kh7 37. Qe4+ Kh8 38. Qb1 1-0

[Event "CYCC U10"]
[Site "Calgary CAN"]
[Date "2023.07.21"]
[Round "6.183"]
[White "Delgashev, Victor"]
[Black "Vigneshwaran, Vidyuth"]
[Result "0-1"]
[WhiteElo "673"]
[BlackElo "1072"]
[PlyCount "74"]
[EventDate "2023.07.19"]
[EventType "swiss"]
[EventRounds "7"]
[EventCountry "CAN"]

1. d4 d5 2. Bf4 Nf6 3. e3 Bf5 4. c3 Nc6 5. Nf3 e6 6. Bb5 a6 7. Bxc6+ bxc6 8.
Qa4 Qd7 9. Ne5 Qd8 10. Qxc6+ Ke7 11. O-O Qd6 12. Qxd6+ cxd6 13. Nc6+ Kd7 14.
Nb4 h6 15. Rd1 g5 16. Bg3 h5 17. h3 g4 18. h4 Ne4 19. Bh2 Rg8 20. Bg3 Nxg3 21.
fxg3 Bh6 22. Kf2 Rg6 23. Re1 Rf6 24. Ke2 Be4 25. Rg1 a5 26. Nd3 Rb8 27. b3
Bxd3+ 28. Kxd3 e5 29. dxe5 dxe5 30. e4 Kc6 31. exd5+ Kxd5 32. c4+ Ke6 33. Nc3
Rd8+ 34. Nd5 Rd6 35. Ke4 Rf2 36. a4 Rd2 37. Raf1 Rd4# 0-1